000 00768nam a22001817a 4500
003 UA-OsUOA
001 12537
007 ta
008 20050517b un ||||| |||| 00| 0 ukr d
100 _aВишневський С.
942 _cSA
040 _aUA-OsUOA
_cUA-OsUOA
_dUA-OsUOA
245 _aКлючі від неба
_b[Спогади колиш. командира зеніт.-артилер. дивізіону Семена Вишневського про захист стратег. об'єкта - залізн. ст. Рафілівка і залізн. моста через р. Стир у 1944 р.]
300 _aС.3
955 _a0
773 0 _w0
_tВісті Рівненщини
_dРівне
_d2005
_g№34/6 трав./
650 7 _aІсторія
_2UDC
999 _c298698
_d298698